000 05894cam a22019814i 4500
003 PE-LiUPU
005 20250813165914.0
008 150706s2013 sp a rb 000 0 spa d
020 _a9788482869577
035 _a(Sirsi) i9788482869577
040 _aPE-LiUPU
_bspa
_cPE-LiUPU
_erda
049 _aPRUA
082 0 4 _a618.92
_bN382013
_221
245 0 0 _aNelson. Tratado de pediatría /
_cRobert M. Kliegman . [et al] ; traducción y producción editorial Diorki Servicios Integrales de Edición.
250 _a19a ed.
264 1 _aBarcelona :
_bElsevier,
_c2013.
300 _a1294 :
_bilustraciones ;
_c28 centímetros
336 _atext
_2rdacontent
337 _aunmediated
_2rdamedia
338 _avolume
_2rdacarrier
504 _aIncluye referencias bibliográficas .
505 0 _aEl campo de la Pediatría. Crecimiento, desarrollo y conducta. Trastornos Conductuales y enfermedades psiquiátricas -- Trastornos de aprendizaje -- Niños con necesidades especiales -- Nutrición -- Fisiopatología de los líquidos corporales y tratamiento hidroeléctrico -- Farmacoterapia pediátrica -- El niño con patología aguda -- Genética humana -- Trastornos genéticos de las metabólicas -- El feto y el recién nacido -- Medicina de la adolescencia -- Inmunología -- Enfermedades alérgicas -- Enfermedades reumáticas de la infancia -- Enfermedades infecciosas -- Sistema digestivo -- El aparato respiratorio -- Evaluación del sistema cardiovascular -- Enfermedades hematológicas -- Cáncer y tumores benignos -- Nefrología -- Problema ginecológico de la infancia -- Sistema endocrino -- El sistema nervioso -- Enfermedades neuromusculares -- Enfermedades oculares -- El oído -- La piel -- Trastornos de los huesos y las articulaciones -- Riesgos medioambientales para la salud.
526 _aP203
526 _aP200
526 _aSEG65
526 _aSEG64
526 _aSEG63
526 _aSEG62
526 _aSEG61
526 _aSEG60
526 _aSEG59
526 _aSEG58
526 _aSEG57
526 _aSEG56
526 _aSEG55
526 _aSEG54
526 _aSEG53
526 _aSEG52
526 _aSEG51
526 _aSEG50
526 _aSEG49
526 _aSEG48
526 _aSEG47
526 _aSEG46
526 _aSEG24
526 _aSEG23
526 _aSEG22
526 _aSEG21
526 _aSEG20
526 _aSEG19
526 _aSEG18
526 _aSEG17
526 _aSEG16
526 _aSEG14
526 _aSEG13
526 _aSEG12
526 _aSEG11
526 _aSEG10
526 _aSEG09
526 _aSEG06
526 _aSEG05
526 _aSEG04
526 _aSEG03
526 _aSEG02
526 _aSEG68
526 _aSEG66
526 _aSEG45
526 _aSEG25
526 _aSEG01
526 _aP163
526 _aP162
526 _aP161
526 _aP160
526 _aP159
526 _aP158
526 _aP157
526 _aP156
526 _aP155
526 _aP154
526 _aP153
526 _aP152
526 _aP151
526 _aP150
526 _aP149
526 _aP142
526 _aP141
526 _aP140
526 _aP139
526 _aP138
526 _aP137
526 _aP132
526 _aP131
526 _aP130
526 _aP126
526 _aP125
526 _aP124
526 _aP123
526 _aP115
526 _aP122
526 _aP121
526 _aP116
526 _a P114
526 _aP112
526 _aP111
526 _aP104
526 _aP103
526 _aP102
526 _aP101
526 _aP100
526 _aP96
526 _aP95
526 _aP93
526 _aP92
526 _aP91
526 _aP88
526 _aP83
526 _aP82
526 _aP79
526 _aP78
526 _aP75
526 _aP74
526 _aP71
526 _aP69
526 _a P51
526 _aP49
526 _aP48
526 _aP47
526 _aP33
526 _aP31
526 _a P30
526 _aP29
526 _aP27
526 _aP26
526 _aP25
526 _aP24
526 _a P22
526 _aP10
526 _aP09
526 _a P08
526 _aP06
526 _aP05
526 _aP04
526 _aP01
541 _g001-000090;
541 _g001-000090;
650 0 4 _aPediatría.
_94621
650 0 4 _aEnfermedades infantiles.
_94311
650 0 4 _aObstetricia.
_92002
650 0 4 _aEnfermedades metabólicas.
650 0 4 _aDiagnóstico prenatal.
650 0 4 _aEnfermedades fetales.
650 0 4 _aGenética médica.
650 0 4 _aEpidemiología.
650 0 4 _aNeonatología.
650 0 4 _aEnfermedades respiratorias pediátricas.
700 1 _aKliegman, Robert,
_eautor.
700 1 _aStanton, Bonita F.,
_eautor.
700 1 _aSt. GemeIII, Josep,
_eautor.
700 1 _aSchor, Nina,
_eautor.
910 _cng
_d20130507
942 _2ddc
_cBOOK
949 _a618.92 N38 1 2013
_wDEWEY
_c1
_i67093
_lCCODEBUL1
_mBUL
_p142.00
_r0
_sY
_tBOOK
_u2015-7-6
_xSALUD
_PP22
_o.STAFF. Colección General
949 _a618.92 N38 1 2013
_wDEWEY
_c2
_i67094
_lCCODEBUL1
_mBUL
_p142.00
_r0
_sY
_tBOOK
_u2015-7-6
_xSALUD
_PP22
_o.STAFF. Colección General
994 _aC0
_bPEPRU
596 _a1
999 _a618.92 N38 1 2013
_wDEWEY
_c54797
_i67093
_d54797
_e2018-8-15
_f2021-11-4
_g5
_lCCODEBUL1
_mBUL
_n3
_p142.00
_r0
_sY
_tBOOK
_u2015-7-6
_xSALUD
_PP22
_0COMPRA
_o.STAFF. Colección Ciencias de la Salud
999 _a618.92 N38 1 2013
_wDEWEY
_c2
_i67094
_d2017-8-18
_e2017-8-16
_f2021-11-4
_g5
_lCCODEBUL1
_mBUL
_n1
_p142.00
_r0
_sY
_tBOOK
_u2015-7-6
_xSALUD
_PP22
_0COMPRA
_o.STAFF. Colección Ciencias de la Salud
980 _81
_gALBERTO SANCHEZ Responsable de Automatización